000 00818cam a2200229 a 4500
001 000013867
005 20200929163358.0
008 890720s1987 pe b 001 0 spa
040 _aDO-SdBNP
_bspa
_cDLC
_dBNPHU
082 _a324.285
_bG216f, 1987
100 1 _aGarcía, Alan
_d1949-
_q(Alan Gabriel Ludwig García Pérez)
_931404
245 1 3 _aEl futuro diferente :
_bla tarea histórica del APRA, cinco años después /
_cAlan García.
250 _a2a ed.
260 _aLima, Perú :
_bEdiciones E.M.I.,
_c1987.
300 _a278 p. ;
_c21 cm.
504 _aIncluye referencias bibliográficas.
610 2 4 _aPARTIDO APRISTA PERUANO
_931405
651 4 _aPerú
_xCiondiciones Económicas
_931406
651 4 _aPerú
_xPolítica Y Gobierno
_y1980-
_931407
910 _aCatalogación por copia / LC
049 _aBNGR
999 _c13474
_d13474